000 00918cam a2200265 4500
008 000000n2000 000 0 eng u
020 _a1841741302
035 _a(Sirsi) u105395
050 _a346.4104344
100 _aAlexander, Jill
245 _aRent review
260 _aBlackstone Press
_c2000
300 _axvii,239p. ; 22cm.
350 _a29.95
490 _aBlackstone's Landlord & Tenant Series
520 _aThe book provides guidance on the structure and forms of rent review clauses in business leases, examines the large number of often contradictory decisions in law cases and also includes precedents for notices and clauses.
650 _aRENT REVIEWS
650 _aTURNOVER RENTS
650 _aMODEL FORMS OF RENT REVIEW CLAUSES
650 _aINDEX-LINKED RENTS
650 _aEQUITY RENTS
650 _aGEARED RENTS
690 _aLANDLORD AND TENANT-RENT REVIEWS
942 _n0
999 _c100381
_d100381